Social science research in India : (Record no. 10431)

MARC details
000 -LEADER
fixed length control field 00585cam a2200217ua 4500
008 - FIXED-LENGTH DATA ELEMENTS--GENERAL INFORMATION
fixed length control field 191012n ii |||gr||||Z||||||eng
020 ## - INTERNATIONAL STANDARD BOOK NUMBER
International Standard Book Number 9780199474417
040 ## - CATALOGING SOURCE
Transcribing agency MAIN
041 ## - LANGUAGE CODE
-- eng
082 ## - DEWEY DECIMAL CLASSIFICATION NUMBER
Classification number 300.072
100 ## - MAIN ENTRY--PERSONAL NAME
Personal name Sukhadeo Thorat,
Relator term
245 ## - TITLE STATEMENT
Title Social science research in India :
Remainder of title status, issues and policies /
Statement of responsibility, etc. Edited by Sukhadeo Thorat .
250 ## - EDITION STATEMENT
Edition statement 1st ed.
260 ## - PUBLICATION, DISTRIBUTION, ETC.
Place of publication, distribution, etc. New Delhi:
Name of publisher, distributor, etc. Oxford,
Date of publication, distribution, etc. 2017.
300 ## - PHYSICAL DESCRIPTION
Extent 613p.
700 ## - ADDED ENTRY--PERSONAL NAME
Personal name Samar Verma,
Relator term
942 ## - ADDED ENTRY ELEMENTS (KOHA)
Koha item type Books
653 ## - INDEX TERM--UNCONTROLLED
Uncontrolled term Social sciences
653 ## - INDEX TERM--UNCONTROLLED
Uncontrolled term Social research
Holdings
Withdrawn status Lost status Damaged status Not for loan Home library Current library Shelving location Date acquired Total Checkouts Full call number Barcode Date last seen Copy number Price effective from Koha item type
        Central Library, Naharkatiya College Central Library, Naharkatiya College General Stacks 19/09/2020   300.072Social research | SOC 27307 19/09/2020 1 19/09/2020 Books

Naharkatiya College © 2020. All rights reserved.

Powered By